00277nam a2200109Ia 4500008004100000041000800041082001800049100001700067245004300084250000900127260003100136230627s9999 xx 000 0 und d aeng a346.0438bDIV aDivekar G. M aPractical Guide To Deeds And Documents a7ed. aPunebHind Law Housec2003